000 00453nam a2200181Ia 4500
003 OSt
005 20220401160629.0
008 211109s9999||||xx |||||||||||||| ||und||
040 _cSBCL
082 _a494.8125
_bCHA-P
100 _aChacko, I C
245 0 _aPaniniya Pradyotam
260 _bNATIONAL BOOKSTALL
_aKottayam
_c1955
300 _a596p.
630 _xGeneral Stack
650 _aLanguages
_vMalayalam Grammar
_xMalayalam
942 _cBOOK
999 _c24831
_d24831